Statistics for American TV by Synonyms

Click here to take the quiz!

General Stats

  • This quiz has been taken 28,304 times
    (18,906 since last reset)
  • The average score is 14 of 22

Answer Stats

SynonymsTV Show% Correct
The Strolling DeceasedThe Walking Dead
97%
CabTaxi
94%
I Adore LucilleI Love Lucy
90%
Angry MalesMad Men
86%
Coitus and the MetropolisSex and the City
83%
Hideous ElizabethUgly Betty
71%
Carpet RodentsRugrats
69%
Two Yards BelowSix Feet Under
68%
Detective GizmoInspector Gadget
66%
The Gilded FemalesThe Golden Girls
65%
Charles's SeraphimCharlie's Angels
63%
Doppelgänger SummitsTwin Peaks
63%
Domicile EnhancementHome Improvement
59%
Sultan of the KnollKing of the Hill
59%
Chuck in CommandCharles in Charge
53%
Puma CityCougar Town
53%
Rotation TownSpin City
50%
Stories from the SarcophagusTales from the Crypt
50%
Lightning BugFirefly
45%
The Dusk AreaThe Twilight Zone
45%
Automaton FowlRobot Chicken
42%
ProstCheers
31%

Score Distribution

Percentile by Number Answered

Percent of People with Each Score

Your Score History

You have not taken this quiz since the last reset